[Event "Bagsvard GSF 75 Years-D"]
[Site "Bagsvard"]
[Date "2008.04.29"]
[Round "3"]
[White "Kristensen, Kurt E"]
[Black "Christiansen, Peter1111"]
[Result "0-1"]
[WhiteElo "1212"]
[BlackElo "1450"]
[PlyCount "81"]
[EventDate "2008.04.15"]
[EventType "swiss"]
[EventRounds "7"]
[EventCountry "DEN"]
[SourceTitle "EXT 2023"]
[Source "ChessBase"]
[SourceDate "2022.10.05"]
[SourceVersion "1"]
[SourceVersionDate "2022.10.05"]
[SourceQuality "1"]

1. e4 c5 2. Nf3 d6 3. d4 cxd4 4. Qxd4 Nc6 5. Qd1 Nf6 6. Nc3 g6 7. g3 Bg7 8. Bg2 0-0 9. Bf4 Bd7 10. 0-0 a6 11. Re1 b5 12. a3 Rc8 13. e5 dxe5 14. Nxe5 Nxe5 15. Bxe5 Bc6 16. Rb1 e6 17. Qd6 Qxd6 18. Bxd6 Rfd8 19. Bf4 Bxg2 20. Kxg2 Nd7 21. Bg5 Re8 22. Re3 f6 23. Bf4 e5 24. Rbe1 Red8 25. Nd5 Rxc2 26. b4 Kf8 27. Rc3 Rxc3 28. Nxc3 exf4 29. gxf4 f5 30. Nd5 Nb8 31. Nc7 Rc8 32. Ne6+ Kg8 33. Ng5 Bh6 34. h4 Bxg5 35. fxg5 Kf7 36. Re3 Rc4 37. Kh3 Nc6 38. f3 Nd4 39. Kg3 Ne6 40. Rd3 Ke7 41. Kf2 0-1